Naruto Characters - Statistics

General Stats
  • This quiz has been taken 434 times
  • The average score is 77 of 188
Answer Stats
Hint Answer % Correct
Konoha Naruto
99%
Konoha Sasuke
99%
Konoha Sakura
98%
Konoha Kakashi
97%
Kumo A
96%
Konoha Ino
95%
Konoha Gai
94%
Konoha Choji
93%
Konoha Lee
93%
Konoha Neji
93%
Konoha Asuma
92%
Suna Gaara
92%
Konoha Hinata
92%
Konoha Shikamaru
92%
Akatsuki Obito
91%
Konoha Shin
91%
Konoha Kiba
90%
Konoha Tenten
90%
Suna Temari
89%
Suna Kankuro
88%
Konoha Kurenai
88%
Oto Orochimaru
88%
Konoha Shino
88%
Konoha Dan
87%
Akatsuki Itachi
87%
Konoha Minato
86%
Akatsuki / Ame Nagato
85%
Konoha Tsunade
85%
Konoha Hashirama
84%
Akatsuki Kisame
84%
Akatsuki Madara
84%
Akatsuki Sasori
84%
Akatsuki Deidara
83%
Akatsuki Hidan
82%
Akatsuki Kakuzu
82%
Akatsuki / Ame Konan
82%
Konoha Tobirama
82%
Konoha Hiruzen
81%
Konoha Sai
80%
Taka Karin
78%
Konoha Kushina
77%
Akatsuki / Ame Yahiko
77%
Akatsuki Zetsu
77%
Konoha Jiraiya
75%
Oto Kabuto
75%
Taka Suigetsu
75%
Suna Chiyo
74%
Suna Baki
71%
Konoha Danzo
69%
Konoha Fu
69%
Iwa Han
69%
Konoha Konohamaru
69%
Kiri Zabuza
65%
Oto Kimimaro
64%
Kiri Haku
63%
Konoha Iruka
61%
Kiri Mei
61%
Konoha Shikaku
60%
Konoha Anko
58%
Konoha Inoichi
58%
Konoha Choza
57%
Oto Tayuya
57%
Konoha Rin
54%
Konoha Ebisu
53%
Konoha Shisui
52%
Kumo Darui
50%
Konoha Ibiki
50%
Iwa Onoki
50%
Oto Sakon
50%
Konoha Udon
49%
Konoha Fugaku
48%
Oto Ukon
48%
Konoha Genma
47%
Taka Juugo
47%
Kiri Utakata
47%
Kiri Ao
46%
Kumo Bee
46%
Oto Jirobo
46%
Konoha Moegi
46%
Konoha Hayate
45%
No Affiliation Kaguya
45%
Kiri Yagura
45%
Ame Hanzo
42%
Kumo Yugito
42%
Konoha Hana
41%
Kumo Karui
41%
Konoha Mito
41%
Oto Kin
40%
Suna Rasa
40%
Iwa Roshi
40%
Kumo Omoi
39%
Konoha Aoba
37%
Konoha Hanabi
37%
Kiri Chojuro
36%
Konoha | Taki Fuu
36%
No Affiliation Izuna
36%
Konoha Mikoto
36%
Oto Dosu
35%
No Affiliation Indra
35%
Konoha Hiashi
32%
Konoha Hizashi
31%
Kumo Samui
30%
Oto Zaku
30%
Konoha Izumo
29%
Iwa Mu
28%
Iwa Akatsuchi
27%
No Affiliation Asura
26%
Iwa Kurotsuchi
26%
Iron Mifune
26%
Konoha Sakumo
26%
Konoha Nawaki
24%
Konoha Tenzo
22%
Konoha Mizuki
21%
No Affiliation Hamura
20%
Kiri Mangetsu
20%
Konoha Raido
20%
Suna Yashamaru
20%
Oto Guren
19%
Nami Gato
18%
Kiri Gengetsu
18%
Kiri Juzo
18%
Kumo Ginkaku
17%
Kumo Kinkaku
17%
Konoha Torune
17%
Suna Matsuri
16%
Kiri Ameyuri
15%
Konoha Dai
15%
Nami Inari
15%
Konoha Kagami
14%
Nami Tazuna
14%
Suna Ebizu
13%
Konoha Izumi
13%
Suna Karura
13%
Konoha Teuchi
13%
Konoha Ayame
12%
Kiri Raiga
12%
Konoha Shibi
12%
Konoha Tsume
12%
Kumo Atsui
11%
Konoha Biwako
11%
Konoha Homura
11%
Kiri Jinin
11%
Suna Pakura
11%
Nami Tsunami
11%
Konoha Itama
10%
Fire Country Sora
10%
Konoha Yugao
10%
Kumo Cee
9%
Kiri Kushimaru
9%
Kiri Fuguki
8%
Konoha Kotestu
8%
Fire Country Fuka
7%
Konoha Kawarama
7%
Oto Kudomaru
7%
No Affiliation Hagaromo
6%
Konoha Kizashi
6%
Suna Maki
6%
Kiri Ranmaru
6%
Kumo Ishikawa
5%
Konoha Mebuki
5%
Fire Country Chiriku
4%
Uzu Ashina
3%
Konoha Idate
3%
Kumo Kitsuchi
3%
Taki Shibuki
3%
Jomae Hanare
2%
Konoha Iwashi
2%
Fire Country Kazuma
2%
Konoha Naori
2%
Konoha Utatane
2%
Konoha Yakumo
2%
Konoha Yoshino
2%
Ame Ajisai
1%
Ame Ise
1%
No Affiliation Kanna
1%
Konoha Kosuke
1%
Konoha Nono
1%
Konoha Shiho
1%
Suna Shira
1%
No Affiliation Tenji
1%
Konoha Tenma
1%
Konoha Butsama
0%
Kiri Chino
0%
Ame Fuso
0%
Kiri Nowaki
0%
Fire Country Yukimi
0%
No matching quizzes found
Score Distribution
Percent of People with Each Score
Percentile by Number Answered
Your Score History
You have not taken this quiz